Acronymes - Statistiques

Statistiques générales
  • Ce quiz a été pris 319 fois
  • Le résultat moyen est 25 sur 39
Statistiques - réponses
Hint Réponse % Correct
U Union
95%
N Non
91%
O Objet
91%
I Identifié
90%
S Salaire
90%
V Volant
90%
O Organisation
88%
O Organisation
88%
M Minimum
87%
N Nationale
87%
N des Nations
85%
U Unies
85%
F de Fer
84%
S Société
83%
P Produit
82%
B Brut
81%
C des Chemins
80%
S Soviétiques
78%
A Alpes
70%
P Provence
70%
A d'Azur
68%
C Côtes
66%
S Service
63%
E Etablissement
61%
S Socialistes
60%
R des Républiques
57%
P pour Personnes
54%
A d'AIde
48%
A Agées
47%
M Médicale
47%
U Urgente
43%
P de Pétrole
37%
P des Pays
34%
E Exportateurs
30%
D Dépendantes
29%
I Intérieur
26%
I Interprofessionnel
24%
C de Croissance
23%
H d'Hébergement
15%
Aucun quiz correspondant
Distribution des résultats
% des personnes avec chaque résultat
Percentile par nombre de réponses
Votre historique - résultats
Vous n’avez pas pris ce quiz